Welcome to Marium Abdulla Library

Embrace knowledge with a breath of fresh air.

Browse Collection

Marium Abdulla Library

Études for architects (Record no. 10626)

MARC details
000 -LEADER
fixed length control field 01056nam a2200265Ia 4500
001 - CONTROL NUMBER
control field 14676
003 - CONTROL NUMBER IDENTIFIER
control field OSt
005 - DATE AND TIME OF LATEST TRANSACTION
control field 20250827123123.0
008 - FIXED-LENGTH DATA ELEMENTS--GENERAL INFORMATION
fixed length control field 211022s9999 xx 000 0 und d
020 ## - INTERNATIONAL STANDARD BOOK NUMBER
International Standard Book Number 9781138632233
040 ## - CATALOGING SOURCE
Transcribing agency IVS
082 ## - DEWEY DECIMAL CLASSIFICATION NUMBER
Classification number 720.71 CHO
Edition information 23
Item number 14676
100 ## - MAIN ENTRY--PERSONAL NAME
Personal name Choma, Joseph.
245 #0 - TITLE STATEMENT
Title Études for architects
260 ## - PUBLICATION, DISTRIBUTION, ETC.
Place of publication, distribution, etc. New York
260 ## - PUBLICATION, DISTRIBUTION, ETC.
Name of publisher, distributor, etc. Routledge
260 ## - PUBLICATION, DISTRIBUTION, ETC.
Date of publication, distribution, etc. 2018
300 ## - PHYSICAL DESCRIPTION
Extent 269 p. : ill. ; 24 cm.
505 ## - FORMATTED CONTENTS NOTE
Formatted contents note <br/>1. Noun and Verb 2. Making with Rules 3. Shapes Carving Shapes 4. Plane Surface Volume 5. Curves with Lines 6. Scale and Material 7. Case Studies Bibliography
520 ## - SUMMARY, ETC.
Summary, etc. Aimed specifically at beginning design students, learning objectives include: computational thinking and making, introduction to design as an iterative, reflective, and rigorous process, ideas of continuity and discontinuity, and understanding the bias and constraints of digital and analog tooling.
650 ## - SUBJECT ADDED ENTRY--TOPICAL TERM
Topical term or geographic name entry element Noun & Verb
650 ## - SUBJECT ADDED ENTRY--TOPICAL TERM
Topical term or geographic name entry element shapes carvings
650 ## - SUBJECT ADDED ENTRY--TOPICAL TERM
Topical term or geographic name entry element scale & material
942 ## - ADDED ENTRY ELEMENTS (KOHA)
Koha item type Book
Source of classification or shelving scheme Dewey Decimal Classification
Suppress in OPAC No
Holdings
Date last seen Total checkouts Full call number Barcode Date last checked out Price effective from Koha item type Lost status Damaged status Not for loan Collection Withdrawn status Home library Current library Shelving location Date acquired Source of acquisition Cost, normal purchase price
02/12/2025 3 720.71 CHO 14676 02/04/2025 10/26/2021 Book       Architecture   Marium Abdulla Library Marium Abdulla Library Non-Ref 12/03/2019 Global Link Information Services 2500.00